000 00612nam a22001817a 4500
003 UA-OsUOA
001 13810
007 ta
008 20030622b un ||||| |||| 00| 0 ukr d
100 _aКрижанівська Г.
942 _cSA
040 _aUA-OsUOA
_cUA-OsUOA
_dUA-OsUOA
245 _aУ нас гуманна і відповідадьна робота
_b[Споживча кооперація Рівненщини]
300 _aС.2
955 _a0
773 0 _w0
_tРівненський кооператор
_dРівне
_d2003
_g№20/16 трав./
650 7 _aКраєзнавча робота
_2UDC
999 _c299971
_d299971